000 00738nam a22002297a 4500
003 UA-OsUOA
001 121308
007 ta
008 20170320b un ||||| |||| 00| 0 ukr d
100 _aКостюченко О.
700 _aГлушман І.
090 _a908
_bК72
942 _cSA
040 _aUA-OsUOA
_bukr
_cUA-OsUOA
_dUA-OsUOA
245 _aІгор Пасічник: "Ми сформували з вас не тільки високоосвічених професіоналів, а й особистостей, які ніколи не зрадять Україну"
300 _aС.1
955 _a0
041 _aukr
080 _a908
773 0 _w121307
650 7 _a908 Краєзнавство
_2UDC
999 _c407350
_d407350